[Event "Scharnstein op 2nd"]
[Site "Scharnstein"]
[Date "1999.??.??"]
[Round "?"]
[White "Keserovic, Sefik"]
[Black "Huber, Guenter"]
[Result "0-1"]
[WhiteElo "1760"]
[BlackElo "1935"]
[PlyCount "93"]
[EventDate "1999.??.??"]
[EventType "swiss"]
[EventRounds "5"]
[EventCountry "AUT"]
[SourceTitle "EXT 2004"]
[Source "ChessBase"]
[SourceDate "2003.11.25"]
[SourceVersion "1"]
[SourceVersionDate "2003.11.25"]
[SourceQuality "1"]

1. Nf3 g6 2. d4 Nf6 3. c4 Bg7 4. Nc3 0-0 5. e4 d6 6. g3 c6 7. Bg2 Nbd7 8. 0-0 Rb8 9. a4 e5 10. Re1 Re8 11. Qc2 Nf8 12. h3 Qc7 13. Be3 b6 14. b4 exd4 15. Nxd4 Ne6 16. Rad1 Nxd4 17. Bxd4 a6 18. f4 c5 19. Bxf6 Bxf6 20. Nd5 Qd8 21. Nxf6+ Qxf6 22. b5 a5 23. Qd3 Be6 24. e5 dxe5 25. fxe5 Qf5 26. Qxf5 Bxf5 27. Rd2 Be6 28. Bf1 Kg7 29. Kf2 Kf8 30. Ke3 Ke7 31. Red1 Red8 32. Rxd8 Rxd8 33. Rxd8 Kxd8 34. Kf4 Bf5 35. Bg2 Bc2 36. Bd5 Ke7 37. Ke3 Bxa4 38. Kd2 Bb3 39. Kc3 a4 40. g4 f5 41. g5 f4 42. Kd2 f3 43. Bxf3 Bxc4 44. Kc3 Bxb5 45. Bd5 Bd7 46. Bg8 Bxh3 47. Bxh7 0-1

[Event "Scharnstein op 2nd"]
[Site "Scharnstein"]
[Date "1999.??.??"]
[Round "?"]
[White "Rubenzucker, Gerhard"]
[Black "Keserovic, Sefik"]
[Result "1/2-1/2"]
[WhiteElo "1975"]
[BlackElo "1760"]
[PlyCount "52"]
[EventDate "1999.??.??"]
[EventType "swiss"]
[EventRounds "5"]
[EventCountry "AUT"]
[SourceTitle "EXT 2004"]
[Source "ChessBase"]
[SourceDate "2003.11.25"]
[SourceVersion "1"]
[SourceVersionDate "2003.11.25"]
[SourceQuality "1"]

1. e4 c5 2. Nf3 d6 3. d4 cxd4 4. Nxd4 Nf6 5. Nc3 e6 6. Be3 Be7 7. Be2 a6 8. Qd2 Nc6 9. 0-0-0 Bd7 10. f4 b5 11. Bf3 Rc8 12. f5 b4 13. Nce2 Qa5 14. fxe6 fxe6 15. Kb1 Ne5 16. Nb3 Qb5 17. Ned4 Qb8 18. Qe2 Nc4 19. Bc1 a5 20. g4 d5 21. exd5 Nxd5 22. Nxe6 Na3+ 23. Ka1 Nxc2+ 24. Kb1 Na3+ 25. Ka1 Nc2+ 26. Kb1 Na3+ 1/2-1/2